Random Knowledge Quiz #18 - Statistics

General Stats
  • This quiz has been taken 163 times
  • The average score is 6 of 17
Answer Stats
Question Answer % Correct
Name the three countries that have not officially adopted the metric system. United States
88%
What is the only continent without any snakes? Antarctica
84%
What is a scar that every human has? Navel
80%
What is the world's oldest religion that is still practised? Hinduism
50%
What unit of speed is equal to one nautical mile per hour, or 1.852 km/h? The knot
43%
Which toy, also featured in Toy Story, is the first toy to be advertised on TV? Mr. Potato Head
42%
What are Bedtime, Birthday, Cheer, Friend, Funshine, Good Luck, Grumpy, Love-a-Lot, Tenderheart, and Wish? Care Bears
39%
Humans are born with two innate fears: Fear of loud noises and fear of... what? Falling
27%
In how many days would you be a millionaire if you started with 1 cent and doubled your money every day? 27
26%
What's the name of the mascot of Kellogg's Corn Flakes? Cornelius Rooster
25%
Who comes next after Chris Cornell, Alicia Keys and Jack White, Adele, and Sam Smith? Billie Eilish
23%
To which children's rhyme can you reply with: "I don't care, I don't care. I can buy another pair."? Liar, liar, pants on fire
19%
What imaginary country crowns Amelia Mignonette Thermopolis Renaldi as their queen? Genovia
18%
Liberia
12%
What sort of phrase is 'Never odd or even' an example of? Palindrome
11%
Myanmar
8%
What does twyndyllyng mean? Twin
5%
No matching quizzes found
Score Distribution
Percent of People with Each Score
Percentile by Number Answered
Your Score History
You have not taken this quiz